Normal view
MARC view
Entry Personal Name
001 - CONTROL NUMBER
- control field: 1113
003 - CONTROL NUMBER IDENTIFIER
- control field: dpl
005 - DATE AND TIME OF LATEST TRANSACTION
- control field: 20100724102918.0
008 - FIXED-LENGTH DATA ELEMENTS
- fixed length control field: 100724|||a|||||| | ||| d
040 ## - CATALOGING SOURCE
- Original cataloging agency: dpl
- Transcribing agency: dpl
100 ## - HEADING--PERSONAL NAME
- Personal name: Nguyen, Daniel
670 ## - SOURCE DATA FOUND
- Source citation: Work cat.: (dpl): Gruyter,Werner De 1111, Oracle enterprise manager 10ggrid control handbook /, 2010
670 ## - SOURCE DATA FOUND
- Source citation: Work cat.: (dpl): Gruyter,Werner De 1111, Oracle enterprise manager 10ggrid control handbook /, 2010
